Arduino cookbook /
| מחבר ראשי: | |
|---|---|
| פורמט: | ספר |
| שפה: | English |
| יצא לאור: |
Sebastopol, Calif. ; Shroff publishers & distributors :
O'Reilly; Mumbai,
c2012 [indian reprinted 2014]
|
| מהדורה: | 2nd ed. |
| נושאים: | |
| גישה מקוונת: | Table of contents only Contributor biographical information Publisher description |
| Classic Catalogue: | View this record in Classic Catalogue |
| LEADER | 01715nam a22004097a 4500 | ||
|---|---|---|---|
| 001 | 29234 | ||
| 003 | BD-DhAAL | ||
| 005 | 20150521102707.0 | ||
| 008 | 150521r20142012ii a 001 0 eng d | ||
| 010 | |a 2012382340 | ||
| 020 | |a 9781449313876 (pbk.) | ||
| 020 | |a 1449313876 (pbk.) | ||
| 020 | |a 9789350236123 | ||
| 035 | |a (OCoLC)ocn773377823 | ||
| 040 | |a PX0 |c PX0 |d YDXCP |d OQX |d BWX |d BDX |d COO |d DLC |d BD-DhAAL | ||
| 042 | |a lccopycat | ||
| 050 | 0 | 0 | |a QA76.73.A73 |b M35 2012 |
| 082 | 0 | 4 | |a 621.3810285536 |2 22 |
| 100 | 1 | |a Margolis, Michael. |9 11224 | |
| 245 | 1 | 0 | |a Arduino cookbook / |c Michael Margolis. |
| 250 | |a 2nd ed. | ||
| 260 | |a Sebastopol, Calif. ; |a Shroff publishers & distributors : |b O'Reilly; |b Mumbai, |c c2012 [indian reprinted 2014] | ||
| 300 | |a xx, 699 p. : |b ill. ; |c 23 cm. | ||
| 500 | |a 2nd ed. published December 2011. | ||
| 500 | |a Includes index. | ||
| 541 | |e 29234 | ||
| 650 | 0 | |a Arduino (Programmable controller) |9 11225 | |
| 650 | 0 | |a Programmable controllers. |9 11226 | |
| 650 | 0 | |a Microcontrollers |x Programming. |9 11227 | |
| 650 | 0 | |a Electronics |x Data processing. |9 11228 | |
| 650 | 0 | |a Prototypes, Engineering. |9 11229 | |
| 856 | 4 | 1 | |3 Table of contents only |u http://www.loc.gov/catdir/enhancements/fy1211/2012382340-t.html |
| 856 | 4 | 2 | |3 Contributor biographical information |u http://www.loc.gov/catdir/enhancements/fy1211/2012382340-b.html |
| 856 | 4 | 2 | |3 Publisher description |u http://www.loc.gov/catdir/enhancements/fy1211/2012382340-d.html |
| 942 | |2 ddc |c BK | ||
| 999 | |c 34466 |d 34466 | ||
| 952 | |0 0 |1 0 |2 ddc |4 0 |6 621_381028553600000_MAR |7 0 |9 53802 |a BRACUL |b BRACUL |c GEN |d 2015-05-21 |e Trim Education |g 1810.00 |l 11 |m 72 |o 621.3810285536 MAR |p 3010029234 |r 2024-07-07 |s 2024-05-30 |t 1 |w 2015-05-21 |y BK | ||